[Event "Open Mediterranean 2017"]
[Site "Rijeka CRO"]
[Date "2009.11.30"]
[Round "4.1"]
[White "Kozul, Zdenko"]
[Black "Cvitan, Ognjen"]
[Result "1/2-1/2"]
[WhiteElo "2604"]
[BlackElo "2533"]
[PlyCount "50"]
[EventDate "2009.11.28"]
[EventType "swiss"]
[EventRounds "9"]
[EventCountry "CRO"]
[Source "lmi"]
[SourceDate "2009.11.28"]

1. d4 Nf6 2. c4 e6 3. Nf3 c5 4. d5 d6 5. Nc3 exd5 6. cxd5 g6 7. h3 Bg7 8. e4
O-O 9. Bd3 b5 10. Nxb5 Re8 11. O-O Nxe4 12. Re1 a6 13. Na3 Nf6 14. Rxe8+ Nxe8
15. Nc4 Bb7 16. Bg5 Qc7 17. Bd2 Bxd5 18. Ba5 Qb7 19. Nb6 Ra7 20. Nxd5 Qxd5 21.
Qc2 Nf6 22. Rd1 Nc6 23. Qa4 Nxa5 24. Qxa5 Qa8 25. b3 h6 1/2-1/2

[Event "Open Mediterranean 2017"]
[Site "Rijeka CRO"]
[Date "2009.11.30"]
[Round "4.2"]
[White "Drazic, Sinisa"]
[Black "Bosiocic, Marin"]
[Result "0-1"]
[WhiteElo "2519"]
[BlackElo "2572"]
[PlyCount "106"]
[EventDate "2009.11.28"]
[EventType "swiss"]
[EventRounds "9"]
[EventCountry "CRO"]
[Source "lmi"]
[SourceDate "2009.11.28"]

1. Nf3 g6 2. e4 Bg7 3. d4 d6 4. Bc4 e6 5. Qe2 Ne7 6. O-O b6 7. Re1 Nd7 8. Nbd2
O-O 9. e5 h6 10. c3 Bb7 11. Ba6 Bxa6 12. Qxa6 d5 13. Nf1 c5 14. h4 Nf5 15. h5
gxh5 16. Qe2 Re8 17. Ne3 Nh4 18. Nh2 Qg5 19. f4 Qg6 20. Qf2 Nf5 21. Nf3 f6 22.
Nxf5 Qxf5 23. Be3 cxd4 24. cxd4 Rac8 25. Re2 Qg4 26. Rc2 Rxc2 27. Qxc2 fxe5 28.
fxe5 Rf8 29. Rf1 h4 30. Nh2 Rxf1+ 31. Nxf1 h3 32. g3 h5 33. Qf2 Nf8 34. Bf4 Qf5
35. Be3 Qg4 36. Bf4 Qf5 37. Be3 Qb1 38. b3 Ng6 39. Kh2 Ne7 40. Kxh3 Nf5 41. Kg2
Qe4+ 42. Kg1 Bf8 43. Qd2 Be7 44. Bf2 h4 45. Kh2 Qg4 46. Qc3 Qd1 47. Kg1 hxg3
48. Be3 Qf3 49. Qd2 Nh4 50. Bf4 Qe4 51. Nxg3 Nf3+ 52. Kf2 Nxd2 53. Nxe4 Nxe4+
0-1

[Event "Open Mediterranean 2017"]
[Site "Rijeka CRO"]
[Date "2009.11.30"]
[Round "4.3"]
[White "Kovacevic, Aleksandar"]
[Black "Saric, Ante"]
[Result "1-0"]
[WhiteElo "2558"]
[BlackElo "2471"]
[PlyCount "59"]
[EventDate "2009.11.28"]
[EventType "swiss"]
[EventRounds "9"]
[EventCountry "CRO"]
[Source "lmi"]
[SourceDate "2009.11.28"]

1. e4 c5 2. Nf3 e6 3. d4 cxd4 4. Nxd4 a6 5. c4 Bc5 6. Nb3 Ba7 7. Bf4 Qf6 8. Qd2
e5 9. Be3 Bxe3 10. Qxe3 Ne7 11. Be2 Nbc6 12. O-O O-O 13. Rd1 Qg6 14. c5 f5 15.
f3 a5 16. a4 Rf6 17. Na3 d6 18. cxd6 Rxd6 19. Rxd6 Qxd6 20. Rd1 Qf6 21. Bc4+
Kh8 22. Nb5 fxe4 23. fxe4 Bg4 24. Rf1 Qg6 25. h3 Bd7 26. Nc5 Bxh3 27. Qxh3 b6
28. Ne6 h6 29. Nd6 Nd4 30. Nf7+ 1-0

[Event "Open Mediterranean 2017"]
[Site "Rijeka CRO"]
[Date "2009.11.30"]
[Round "4.4"]
[White "Battaglini, Gabriel"]
[Black "Ruck, Robert"]
[Result "1/2-1/2"]
[WhiteElo "2398"]
[BlackElo "2556"]
[PlyCount "56"]
[EventDate "2009.11.28"]
[EventType "swiss"]
[EventRounds "9"]
[EventCountry "CRO"]
[Source "lmi"]
[SourceDate "2009.11.28"]

1. e4 c5 2. c3 d5 3. exd5 Qxd5 4. d4 Nf6 5. Nf3 e6 6. a3 Be7 7. Bd3 O-O 8. O-O
Rd8 9. Qe2 Nc6 10. Bc4 Qh5 11. Be3 b6 12. Ne5 Qxe2 13. Bxe2 Bb7 14. Nxc6 Bxc6
15. Nd2 cxd4 16. cxd4 Bb7 17. Rac1 Rac8 18. Nf3 Nd5 19. Rxc8 Rxc8 20. Rc1 Rxc1+
21. Bxc1 Bf6 22. Ne5 Ne7 23. Bd2 Nd5 24. f3 Be7 25. Kf2 f6 26. Nc4 Kf7 27. Bd3
h5 28. h4 Bc6 1/2-1/2

[Event "Open Mediterranean 2017"]
[Site "Rijeka CRO"]
[Date "2009.11.30"]
[Round "4.5"]
[White "Martinovic, Sasa"]
[Black "Kazhgaleyev, Murtas"]
[Result "1-0"]
[WhiteElo "2483"]
[BlackElo "2653"]
[PlyCount "137"]
[EventDate "2009.11.28"]
[EventType "swiss"]
[EventRounds "9"]
[EventCountry "CRO"]
[Source "lmi"]
[SourceDate "2009.11.28"]

1. d4 d6 2. g3 g6 3. Nf3 Bg7 4. Bg2 Nd7 5. c4 e5 6. Nc3 Ne7 7. O-O O-O 8. e4
exd4 9. Nxd4 Nc6 10. Nde2 Nde5 11. b3 f5 12. f4 Nf7 13. Bb2 fxe4 14. Qd2 e3 15.
Qxe3 Nh6 16. Qd2 Bg4 17. Bd5+ Kh8 18. Ne4 Qd7 19. Rae1 Rae8 20. Ng5 Nf5 21.
Bxg7+ Nxg7 22. Nd4 Nd8 23. h3 Bf5 24. g4 c6 25. gxf5 cxd5 26. Rxe8 Rxe8 27.
fxg6 hxg6 28. Qf2 Nf7 29. Qh4+ Nh5 30. cxd5 Re3 31. Nde6 Nh6 32. f5 Rg3+ 33.
Kh2 Qb5 34. Qd4+ Kg8 35. Rf2 Nxf5 36. Qd2 Qe8 37. Ne4 Re3 38. Rxf5 Rxe4 39.
Rf8+ Qxf8 40. Nxf8 Kxf8 41. Qf2+ Kg7 42. Qxa7 Re2+ 43. Kg1 Kh6 44. a4 Nf4 45.
Qxb7 Kg5 46. Kf1 Ra2 47. Qe7+ Kf5 48. Qxd6 Ke4 49. Qb4+ Ke5 50. Qb5 Nxd5 51. a5
Ke4 52. Qc4+ Ke5 53. Qc1 Kd4 54. Qd1+ Kc5 55. Qb1 Rxa5 56. Qxg6 Ra2 57. Qe4 Rb2
58. Qd3 Kd6 59. h4 Ke6 60. h5 Rh2 61. Qe4+ Kd6 62. Kg1 Rh3 63. Qg6+ Ke5 64. h6
Nf4 65. Qg7+ Ke4 66. h7 Kf3 67. Qc3+ Kg4 68. Qxh3+ Nxh3+ 69. Kf1 1-0

[Event "Open Mediterranean 2017"]
[Site "Rijeka CRO"]
[Date "2009.11.30"]
[Round "4.6"]
[White "Predojevic, Borki"]
[Black "Neubauer, Martin"]
[Result "1/2-1/2"]
[WhiteElo "2652"]
[BlackElo "2452"]
[PlyCount "46"]
[EventDate "2009.11.28"]
[EventType "swiss"]
[EventRounds "9"]
[EventCountry "CRO"]
[Source "lmi"]
[SourceDate "2009.11.28"]

1. e4 e5 2. Nf3 Nc6 3. Bb5 Nf6 4. d3 Bc5 5. Bxc6 dxc6 6. Nbd2 O-O 7. O-O Re8 8.
Nc4 Bg4 9. h3 Bxf3 10. Qxf3 Nd7 11. Qg3 f6 12. Be3 Bxe3 13. Nxe3 Nf8 14. Nf5
Qd7 15. f4 Kh8 16. Rae1 c5 17. Re3 Rad8 18. b3 b5 19. Kh2 Ng6 20. fxe5 fxe5 21.
Qg5 Qf7 22. Rg3 Rf8 23. Qh5 Rg8 1/2-1/2

[Event "Open Mediterranean 2017"]
[Site "Rijeka CRO"]
[Date "2009.11.30"]
[Round "4.7"]
[White "Lenic, Luka"]
[Black "Kovacevic, Blazimir"]
[Result "1-0"]
[WhiteElo "2598"]
[BlackElo "2430"]
[PlyCount "73"]
[EventDate "2009.11.28"]
[EventType "swiss"]
[EventRounds "9"]
[EventCountry "CRO"]
[Source "lmi"]
[SourceDate "2009.11.28"]

1. Nf3 Nf6 2. c4 e6 3. d4 d5 4. Nc3 Nbd7 5. cxd5 exd5 6. Bf4 c6 7. Qc2 Nh5 8.
Bg5 Be7 9. h4 h6 10. Bd2 Nhf6 11. Bf4 Ng4 12. e3 Ndf6 13. Bd3 Be6 14. Ne5 Nxe5
15. Bxe5 Ng4 16. Bg3 Bd6 17. Bxd6 Qxd6 18. O-O-O O-O-O 19. Na4 Kb8 20. Nc5 Bc8
21. Bf5 b6 22. Bxc8 Rxc8 23. Nd3 Rhe8 24. Kb1 Re7 25. h5 g5 26. hxg6 fxg6 27.
Rc1 g5 28. a3 Qg6 29. Ka2 Qf5 30. Qd2 Re6 31. Rhe1 Rce8 32. Rc2 Kb7 33. Rec1
Rf6 34. Nb4 a5 35. Nxc6 Qd7 36. Qe2 Rxf2 37. Qb5 1-0

[Event "Open Mediterranean 2017"]
[Site "Rijeka CRO"]
[Date "2009.11.30"]
[Round "4.8"]
[White "Doric, Darko"]
[Black "Safarli, Eltaj"]
[Result "1/2-1/2"]
[WhiteElo "2470"]
[BlackElo "2592"]
[PlyCount "35"]
[EventDate "2009.11.28"]
[EventType "swiss"]
[EventRounds "9"]
[EventCountry "CRO"]
[Source "lmi"]
[SourceDate "2009.11.28"]

1. d4 Nf6 2. c4 g6 3. Nc3 d5 4. cxd5 Nxd5 5. e4 Nxc3 6. bxc3 Bg7 7. Nf3 c5 8.
Rb1 O-O 9. Be2 Nc6 10. d5 Ne5 11. Nxe5 Bxe5 12. Qd2 e6 13. f4 Bc7 14. O-O exd5
15. exd5 Ba5 16. Ba3 b6 17. Bb5 Qd6 18. Bc6 1/2-1/2

[Event "Open Mediterranean 2017"]
[Site "Rijeka CRO"]
[Date "2009.11.30"]
[Round "4.10"]
[White "Chatalbashev, Boris"]
[Black "Skrbin, Kresimir"]
[Result "1-0"]
[WhiteElo "2561"]
[BlackElo "2215"]
[PlyCount "123"]
[EventDate "2009.11.28"]
[EventType "swiss"]
[EventRounds "9"]
[EventCountry "CRO"]
[Source "lmi"]
[SourceDate "2009.11.28"]

1. d4 d5 2. c4 c6 3. Nf3 Nf6 4. e3 Bf5 5. Nc3 e6 6. Nh4 Bg6 7. Bd2 Nbd7 8. Nxg6
hxg6 9. Qc2 Bd6 10. O-O-O Qc7 11. Kb1 O-O-O 12. h3 Kb8 13. Be2 Rhe8 14. Bc1
dxc4 15. Bxc4 Nb6 16. Bb3 a6 17. e4 e5 18. dxe5 Bxe5 19. Rxd8+ Rxd8 20. Ne2 Qe7
21. Be3 Bc7 22. f3 Nfd7 23. Rd1 Nf8 24. Rxd8+ Bxd8 25. Qc5 Qe8 26. Bf4+ Ka8 27.
Qe5 Qxe5 28. Bxe5 f6 29. Bd6 Nfd7 30. Be6 g5 31. Kc2 Ne5 32. b3 Ng6 33. Nd4 Be7
34. Bc7 Ka7 35. Nf5 Bf8 36. g3 Na8 37. Bd8 Kb8 38. h4 gxh4 39. Nxh4 Be7 40.
Nxg6 Bxd8 41. f4 Nb6 42. f5 Kc7 43. Kd3 Kd6 44. g4 Na8 45. Bc8 Kc7 46. Be6 Kd6
47. b4 Nc7 48. Bb3 b6 49. Nh8 Kd7 50. e5 fxe5 51. Nf7 Nd5 52. Nxe5+ Kc7 53.
Bxd5 cxd5 54. Kd4 Be7 55. b5 axb5 56. Kxd5 b4 57. Ke6 Bf6 58. Nd3 Kc6 59. Nxb4+
Kb5 60. Nd5 Bd4 61. g5 Ka4 62. g6 1-0

[Event "Open Mediterranean 2017"]
[Site "Rijeka CRO"]
[Date "2009.11.30"]
[Round "4.11"]
[White "Rukavina, Josip"]
[Black "Cebalo, Miso"]
[Result "0-1"]
[WhiteElo "2428"]
[BlackElo "2483"]
[PlyCount "54"]
[EventDate "2009.11.28"]
[EventType "swiss"]
[EventRounds "9"]
[EventCountry "CRO"]
[Source "lmi"]
[SourceDate "2009.11.28"]

1. Nf3 c5 2. e3 b6 3. d4 Bb7 4. Bd3 Nf6 5. O-O g6 6. c4 Bg7 7. Nc3 O-O 8. d5 d6
9. e4 e5 10. h3 Nbd7 11. Be3 Kh8 12. Kh2 Ng8 13. Qc1 Bc8 14. Ne2 f5 15. Ng5
Ndf6 16. exf5 gxf5 17. Nc3 Qe7 18. Bc2 f4 19. Bd2 Ng4+ 20. hxg4 Qxg5 21. f3
Bxg4 22. fxg4 Qh4+ 23. Kg1 e4 24. Nxe4 Bd4+ 25. Nf2 f3 26. Bf4 Qxg4 27. g3 Qh3
0-1

[Event "Open Mediterranean 2017"]
[Site "Rijeka CRO"]
[Date "2009.11.30"]
[Round "4.12"]
[White "Tjolsen, Katrine"]
[Black "Gajewski, Grzegorz"]
[Result "1/2-1/2"]
[WhiteElo "2194"]
[BlackElo "2561"]
[PlyCount "37"]
[EventDate "2009.11.28"]
[EventType "swiss"]
[EventRounds "9"]
[EventCountry "CRO"]
[Source "lmi"]
[SourceDate "2009.11.28"]

1. d4 f5 2. Nc3 d5 3. Bg5 Be6 4. e3 Nd7 5. h4 Ngf6 6. h5 Bf7 7. Bd3 Ne4 8. Bxe4
dxe4 9. f3 h6 10. Bh4 c6 11. fxe4 fxe4 12. Qg4 Qa5 13. Qxe4 Qxh5 14. Bxe7 Qxh1
15. Bg5+ Ne5 16. Qxe5+ Kd7 17. O-O-O Bd6 18. Qxg7 Raf8 19. d5 1/2-1/2

[Event "Open Mediterranean 2017"]
[Site "Rijeka CRO"]
[Date "2009.11.30"]
[Round "4.13"]
[White "Jovanic, Ognjen"]
[Black "Arvola, Benjamin"]
[Result "1/2-1/2"]
[WhiteElo "2552"]
[BlackElo "2207"]
[PlyCount "111"]
[EventDate "2009.11.28"]
[EventType "swiss"]
[EventRounds "9"]
[EventCountry "CRO"]
[Source "lmi"]
[SourceDate "2009.11.28"]

1. Nf3 Nf6 2. d4 e6 3. c4 b6 4. a3 Ba6 5. e3 c5 6. Bd3 Be7 7. d5 O-O 8. e4 d6
9. O-O Bc8 10. h3 Re8 11. Nc3 Bf8 12. Re1 Nbd7 13. Bf4 e5 14. Be3 Nh5 15. Qd2
g6 16. Bc2 Bg7 17. Rab1 Rf8 18. Ne2 f5 19. exf5 gxf5 20. Bg5 Qe8 21. Nh2 Qf7
22. f3 e4 23. f4 b5 24. g4 fxg4 25. hxg4 h6 26. Bh4 Nxf4 27. Nxf4 Qxf4 28. Qxf4
Rxf4 29. Bg3 Bd4+ 30. Kg2 Rf6 31. Bxe4 bxc4 32. Nf3 Nb6 33. Nxd4 cxd4 34. Rf1
Rxf1 35. Rxf1 Bxg4 36. Bxd6 Re8 37. Rf4 h5 38. Bb4 Rd8 39. Be7 Rd7 40. d6 d3
41. Rf2 Be6 42. Kf3 Nc8 43. Bc6 Nxe7 44. Bxd7 Bxd7 45. dxe7 Kf7 46. Rh2 Bg4+
47. Ke3 Kxe7 48. b3 cxb3 49. Kxd3 Kf6 50. Kc3 Kg5 51. Kxb3 h4 52. Kb4 h3 53.
Kb5 Kh4 54. Ka6 Kg3 55. Rxh3+ Bxh3 56. Kxa7 1/2-1/2

[Event "Open Mediterranean 2017"]
[Site "Rijeka CRO"]
[Date "2009.11.30"]
[Round "4.14"]
[White "Klobucar, Dean"]
[Black "Dancevski, Orce"]
[Result "1/2-1/2"]
[WhiteElo "2174"]
[BlackElo "2418"]
[PlyCount "123"]
[EventDate "2009.11.28"]
[EventType "swiss"]
[EventRounds "9"]
[EventCountry "CRO"]
[Source "lmi"]
[SourceDate "2009.11.28"]

1. e4 c5 2. Nf3 d6 3. d4 Nf6 4. Nc3 cxd4 5. Qxd4 Nc6 6. Bb5 Bd7 7. Bxc6 Bxc6 8.
Bg5 e6 9. O-O-O Be7 10. Rhe1 Qa5 11. Qd2 O-O 12. Kb1 Rfd8 13. Nd4 Rac8 14. Nxc6
Rxc6 15. Nd5 Qxd2 16. Nxe7+ Kf8 17. Rxd2 Kxe7 18. e5 dxe5 19. Rxd8 Kxd8 20.
Rxe5 Ke7 21. b3 h6 22. Bxf6+ Kxf6 23. Rh5 e5 24. Rh3 Ke6 25. Rd3 e4 26. Rd8 f5
27. Kc1 Rd6 28. Re8+ Kf7 29. Re5 Kf6 30. Re8 Rd7 31. Rf8+ Kg5 32. Re8 h5 33.
Re6 h4 34. h3 Kf4 35. c4 g5 36. c5 g4 37. hxg4 Kxg4 38. b4 h3 39. Rg6+ Kf4 40.
Rg3 hxg2 41. Rxg2 Kf3 42. Rh2 f4 43. Kc2 b5 44. cxb6 axb6 45. a4 Rd3 46. Rh4
Rd6 47. Kc3 e3 48. fxe3 fxe3 49. Rh3+ Kf2 50. Kc4 e2 51. Rh2+ Kf3 52. Rxe2 Kxe2
53. a5 bxa5 54. bxa5 Ke3 55. Kb5 Rd1 56. a6 Rb1+ 57. Kc5 Ra1 58. Kb6 Rb1+ 59.
Kc5 Ra1 60. Kb6 Kd4 61. a7 Kd5 62. Kb7 1/2-1/2

[Event "Open Mediterranean 2017"]
[Site "Rijeka CRO"]
[Date "2009.11.30"]
[Round "4.15"]
[White "Loncar, Robert"]
[Black "Solic, Kristina"]
[Result "1-0"]
[WhiteElo "2406"]
[BlackElo "2190"]
[PlyCount "135"]
[EventDate "2009.11.28"]
[EventType "swiss"]
[EventRounds "9"]
[EventCountry "CRO"]
[Source "lmi"]
[SourceDate "2009.11.28"]

1. Nf3 d5 2. c4 c6 3. e3 Nf6 4. Nc3 e6 5. d4 Nbd7 6. Qc2 Bd6 7. b3 b6 8. Be2
Bb7 9. O-O O-O 10. Bb2 Rc8 11. Rfd1 Qe7 12. Rac1 c5 13. cxd5 exd5 14. Qb1 Rfe8
15. Bb5 Red8 16. Qf5 Nf8 17. Bf1 Qe6 18. Qxe6 Nxe6 19. Nb5 Be7 20. g3 a6 21.
Nc3 Rc7 22. Na4 Nd7 23. Bh3 Nef8 24. dxc5 bxc5 25. Bg2 Bc6 26. Bc3 Rcc8 27. Ba5
Re8 28. Nc3 d4 29. exd4 Bxf3 30. Bxf3 Bg5 31. Rb1 cxd4 32. Ne4 Bd8 33. Bxd8
Rcxd8 34. Nd6 Re6 35. Nb7 Rb8 36. Rxd4 Rb6 37. Na5 Ne5 38. Be2 Re8 39. Re4 Rbe6
40. Nc4 Nfd7 41. Nxe5 Nxe5 42. Kg2 Kf8 43. f4 Nd7 44. Rxe6 Rxe6 45. Bg4 Rd6 46.
Bxd7 Rxd7 47. Rb2 Rb7 48. Re2 h5 49. Re5 g6 50. f5 Rb6 51. Kf3 Kg7 52. fxg6
fxg6 53. h4 Kf6 54. Rg5 Ke7 55. Ke4 Kd7 56. Kd4 Rc6 57. a4 Rb6 58. Kc4 Kc7 59.
b4 Kb7 60. b5 Ka7 61. Re5 axb5+ 62. axb5 Rf6 63. Kc5 Kb7 64. Re7+ Kb8 65. Rg7
Rf5+ 66. Kb6 Rf6+ 67. Ka5 Re6 68. b6 1-0

[Event "Open Mediterranean 2017"]
[Site "Rijeka CRO"]
[Date "2009.11.30"]
[Round "4.16"]
[White "Sikanjic, Bojan"]
[Black "Sale, Srdjan"]
[Result "1/2-1/2"]
[WhiteElo "2160"]
[BlackElo "2399"]
[PlyCount "89"]
[EventDate "2009.11.28"]
[EventType "swiss"]
[EventRounds "9"]
[EventCountry "CRO"]
[Source "lmi"]
[SourceDate "2009.11.28"]

1. Nf3 c5 2. c4 Nc6 3. Nc3 g6 4. e3 Bg7 5. d4 d6 6. h3 Nf6 7. d5 Na5 8. Be2 O-O
9. O-O e5 10. Nd2 a6 11. a3 b6 12. b4 Nb7 13. Rb1 Nd7 14. bxc5 Nbxc5 15. Nb3 f5
16. Nxc5 Nxc5 17. Na4 Nd7 18. f4 Qc7 19. Bd2 Re8 20. Kh2 Rb8 21. Bd3 Nf6 22.
Qb3 exf4 23. exf4 Ne4 24. Bxe4 Rxe4 25. c5 dxc5 26. d6+ Qf7 27. Nxc5 Rd4 28.
Bc3 Qxb3 29. Rxb3 Rxd6 30. Bxg7 Kxg7 31. Rfb1 Rc6 32. Nd3 Be6 33. R3b2 b5 34.
a4 Rcb6 35. Nc5 Kf6 36. Re1 Rc6 37. Rxe6+ Rxe6 38. Nd7+ Ke7 39. Nxb8 Rb6 40.
Re2+ Kd6 41. Rd2+ Kc7 42. Nxa6+ Rxa6 43. axb5 Ra5 44. Kg3 Rxb5 45. Rd4 1/2-1/2

[Event "Open Mediterranean 2017"]
[Site "Rijeka CRO"]
[Date "2009.11.30"]
[Round "4.17"]
[White "Gandrud, Vegar Koi"]
[Black "Mitkov, Marjan"]
[Result "1-0"]
[WhiteElo "2143"]
[BlackElo "2395"]
[PlyCount "55"]
[EventDate "2009.11.28"]
[EventType "swiss"]
[EventRounds "9"]
[EventCountry "CRO"]
[Source "lmi"]
[SourceDate "2009.11.28"]

1. d4 Nf6 2. c4 e6 3. Nf3 Bb4+ 4. Nbd2 b6 5. g3 Bb7 6. Bg2 O-O 7. O-O a5 8. Qc2
Bxd2 9. Bxd2 Be4 10. Qc1 Nc6 11. Bc3 d5 12. b3 a4 13. Qb2 Qc8 14. Nd2 Bxg2 15.
Kxg2 Qb7 16. Kg1 b5 17. bxa4 Rxa4 18. cxb5 Na7 19. Rfb1 Nc8 20. Qc2 Qa8 21. Bb4
Nd6 22. b6 Rc8 23. Bxd6 cxd6 24. Qb3 Rb8 25. b7 Qa7 26. Rc1 Ne8 27. Rc8 Rxd4
28. Qb5 1-0

[Event "Open Mediterranean 2017"]
[Site "Rijeka CRO"]
[Date "2009.11.30"]
[Round "4.18"]
[White "Bukal, Vladimir Jr"]
[Black "Krkljes, Slaven"]
[Result "1-0"]
[WhiteElo "2387"]
[BlackElo "2187"]
[PlyCount "81"]
[EventDate "2009.11.28"]
[EventType "swiss"]
[EventRounds "9"]
[EventCountry "CRO"]
[Source "lmi"]
[SourceDate "2009.11.28"]

1. d4 Nf6 2. c4 e6 3. Nc3 c5 4. d5 exd5 5. cxd5 d6 6. Nf3 g6 7. g3 Bg7 8. Bg2
O-O 9. O-O a6 10. a4 Nbd7 11. Bf4 Ne8 12. Qd2 Rb8 13. Rab1 b6 14. b4 Qc7 15.
Rfc1 Nef6 16. h3 Re8 17. Qd3 Nh5 18. Bd2 Ne5 19. Nxe5 Bxe5 20. f4 Bd4+ 21. Kh2
Qe7 22. e4 f5 23. bxc5 Bxc5 24. e5 dxe5 25. fxe5 Bb7 26. Bf4 Qg7 27. h4 h6 28.
Bf3 Nxf4 29. gxf4 Qe7 30. Kg2 Qxh4 31. Qd2 g5 32. Rh1 Qxf4 33. Qxf4 gxf4 34.
Rxh6 Kg7 35. Rbh1 Rxe5 36. Rh7+ Kg6 37. R1h6+ Kg5 38. Rh5+ Kg6 39. Ne2 Be3 40.
R5h6+ Kg5 41. Rd6 1-0

[Event "Open Mediterranean 2017"]
[Site "Rijeka CRO"]
[Date "2009.11.30"]
[Round "4.19"]
[White "Thingstad, Even"]
[Black "Lekic, Dusan"]
[Result "0-1"]
[WhiteElo "2139"]
[BlackElo "2387"]
[PlyCount "74"]
[EventDate "2009.11.28"]
[EventType "swiss"]
[EventRounds "9"]
[EventCountry "CRO"]
[Source "lmi"]
[SourceDate "2009.11.28"]

1. d4 d5 2. c4 e6 3. Nc3 Nf6 4. cxd5 exd5 5. Bg5 Be7 6. e3 c6 7. Bd3 O-O 8. Qc2
h6 9. Bh4 a5 10. Nge2 Na6 11. a3 Nc7 12. O-O Ne6 13. f3 c5 14. dxc5 Bxc5 15.
Bf2 Qe7 16. Rad1 Rd8 17. Rfe1 Bb6 18. Qb3 Bc7 19. Bb1 Nc5 20. Qc2 g6 21. Nf4
Bf5 22. e4 dxe4 23. Nfd5 Nxd5 24. Nxd5 Rxd5 25. Rxd5 b6 26. fxe4 Be6 27. Rd2
Bf4 28. Be3 Bxh2+ 29. Kf1 Rc8 30. Bxc5 Rxc5 31. Qd1 Qh4 32. Qf3 Bg3 33. Red1
Bg4 34. Rd8+ Kg7 35. Qe3 Rh5 36. Qc3+ Be5 37. Qe3 Qf6+ 0-1

[Event "Open Mediterranean 2017"]
[Site "Rijeka CRO"]
[Date "2009.11.30"]
[Round "4.20"]
[White "Brumen, Dinko"]
[Black "Staberhofer, Rainer"]
[Result "1-0"]
[WhiteElo "2349"]
[BlackElo "2170"]
[PlyCount "56"]
[EventDate "2009.11.28"]
[EventType "swiss"]
[EventRounds "9"]
[EventCountry "CRO"]
[Source "lmi"]
[SourceDate "2009.11.28"]

1. c4 e6 2. Nf3 d5 3. d4 Nf6 4. Nc3 c6 5. cxd5 exd5 6. Bg5 h6 7. Bh4 Bf5 8. Qb3
b6 9. Ne5 g5 10. Bg3 Be7 11. e3 O-O 12. Be2 Bd6 13. h4 g4 14. h5 Bxe5 15. dxe5
Ne4 16. Nxe4 dxe4 17. Rd1 Qe7 18. Rh4 Qg5 19. Rd6 Nd7 20. Rh2 Nc5 21. Qd1 Ne6
22. Rh4 Kh7 23. Bxg4 Bxg4 24. Qxg4 Rg8 25. Qxe4+ Kh8 26. Rh3 Qg7 27. Bh4 Ng5
28. Bxg5 f5 1-0

[Event "Open Mediterranean 2017"]
[Site "Rijeka CRO"]
[Date "2009.11.30"]
[Round "4.21"]
[White "Diermair, Andreas"]
[Black "Levar, Nenad"]
[Result "1-0"]
[WhiteElo "2341"]
[BlackElo "2138"]
[PlyCount "73"]
[EventDate "2009.11.28"]
[EventType "swiss"]
[EventRounds "9"]
[EventCountry "CRO"]
[Source "lmi"]
[SourceDate "2009.11.28"]

1. Nf3 d5 2. d4 Nf6 3. c4 c6 4. e3 a6 5. Bd3 Bg4 6. Nbd2 e6 7. Qc2 Bd6 8. b3
Nbd7 9. Bb2 Qe7 10. Ne5 Bh5 11. h3 Bg6 12. Nxg6 hxg6 13. e4 dxe4 14. Nxe4 Nxe4
15. Bxe4 Bb4+ 16. Bc3 Nf6 17. Bf3 Rd8 18. O-O Rh4 19. Bb2 Kf8 20. Rad1 Ba5 21.
Rd3 Bc7 22. Rfd1 Qd6 23. g3 Rxh3 24. Kg2 Rh8 25. d5 cxd5 26. cxd5 e5 27. Re3
Nd7 28. Ba3 Qxa3 29. Qxc7 Qe7 30. d6 Qg5 31. Bxb7 Ke8 32. Rde1 f6 33. Rc1 f5
34. f4 Qf6 35. fxe5 Qg5 36. e6 Nb8 37. Qf7# 1-0

[Event "Open Mediterranean 2017"]
[Site "Rijeka CRO"]
[Date "2009.11.30"]
[Round "4.22"]
[White "Plenca, Julijan"]
[Black "Orenda, Omar"]
[Result "1-0"]
[WhiteElo "2317"]
[BlackElo "2132"]
[PlyCount "63"]
[EventDate "2009.11.28"]
[EventType "swiss"]
[EventRounds "9"]
[EventCountry "CRO"]
[Source "lmi"]
[SourceDate "2009.11.28"]

1. e4 c5 2. Nf3 Nf6 3. e5 Nd5 4. d4 cxd4 5. c4 Nc7 6. Qxd4 Nc6 7. Qe4 Ne6 8.
Be3 g6 9. Nc3 Bg7 10. O-O-O Qc7 11. Rd5 b6 12. Rb5 Ba6 13. h4 h6 14. Kb1 Rc8
15. Rd5 Bb7 16. a3 Ncd8 17. Be2 Bxd5 18. cxd5 Nc5 19. Qf4 a6 20. Bd4 b5 21. Bd1
Qb8 22. b4 Ncb7 23. Bb3 O-O 24. h5 d6 25. hxg6 fxg6 26. Qg4 Rxf3 27. gxf3 dxe5
28. d6+ e6 29. Qxg6 Qxd6 30. Ne4 Qe7 31. Bxe5 Kf8 32. Rg1 1-0

[Event "Open Mediterranean 2017"]
[Site "Rijeka CRO"]
[Date "2009.11.30"]
[Round "4.24"]
[White "Nilsen, Joachim Birger"]
[Black "Ciganovic, Nikola"]
[Result "1/2-1/2"]
[WhiteElo "2126"]
[BlackElo "2276"]
[PlyCount "33"]
[EventDate "2009.11.28"]
[EventType "swiss"]
[EventRounds "9"]
[EventCountry "CRO"]
[Source "lmi"]
[SourceDate "2009.11.28"]

1. e4 e5 2. Nf3 Nc6 3. d4 exd4 4. Nxd4 Nf6 5. Nxc6 bxc6 6. e5 Qe7 7. Qe2 Nd5 8.
c4 Nb6 9. Nc3 Qe6 10. Qe4 Bb4 11. Bd2 Bb7 12. O-O-O O-O-O 13. Bd3 Rhe8 14. f4
c5 15. Qe2 f5 16. Rhe1 g6 17. h3 1/2-1/2

[Event "Open Mediterranean 2017"]
[Site "Rijeka CRO"]
[Date "2009.11.30"]
[Round "4.25"]
[White "Getz, Nicolai"]
[Black "Broekman, Willem"]
[Result "1-0"]
[WhiteElo "2270"]
[BlackElo "2129"]
[PlyCount "47"]
[EventDate "2009.11.28"]
[EventType "swiss"]
[EventRounds "9"]
[EventCountry "CRO"]
[Source "lmi"]
[SourceDate "2009.11.28"]

1. e4 e6 2. d4 d5 3. Nc3 Bb4 4. e5 c5 5. a3 Bxc3+ 6. bxc3 Ne7 7. Qg4 Nf5 8. Nf3
h5 9. Qf4 cxd4 10. Nxd4 Nxd4 11. cxd4 Nc6 12. Bd3 Qa5+ 13. Bd2 Qa4 14. c3 b6
15. Qg5 Kf8 16. O-O Ba6 17. Bxa6 Qxa6 18. f4 Ne7 19. c4 Qxc4 20. Bb4 Qxd4+ 21.
Kh1 f6 22. Bxe7+ Kf7 23. Bxf6 gxf6 24. Qxf6+ 1-0

[Event "Open Mediterranean 2017"]
[Site "Rijeka CRO"]
[Date "2009.11.30"]
[Round "4.26"]
[White "Sercer, Zoran"]
[Black "Medancic, Rikard"]
[Result "0-1"]
[WhiteElo "2116"]
[BlackElo "2251"]
[PlyCount "90"]
[EventDate "2009.11.28"]
[EventType "swiss"]
[EventRounds "9"]
[EventCountry "CRO"]
[Source "lmi"]
[SourceDate "2009.11.28"]

1. e4 d5 2. exd5 Qxd5 3. Nc3 Qd6 4. d4 Nf6 5. Nf3 Bg4 6. Be3 c6 7. Be2 Nbd7 8.
h3 Bh5 9. Qd2 e6 10. O-O Be7 11. Bf4 Qb4 12. a3 Qb6 13. g4 Bg6 14. b4 Qd8 15.
Bg3 Ne4 16. Nxe4 Bxe4 17. c3 O-O 18. Qe3 Bg6 19. Rfd1 h6 20. Bd3 Bxd3 21. Qxd3
a5 22. Qe2 Nf6 23. Ne5 axb4 24. axb4 Qd5 25. f3 Qb3 26. Be1 Rfd8 27. Rdb1 Qd5
28. Nc4 Qb5 29. Kf1 Nd5 30. Ne5 Qxe2+ 31. Kxe2 Nf4+ 32. Kf2 Bh4+ 33. Ke3 Ng2+
34. Ke2 Bxe1 35. Rxe1 Nxe1 36. Rxe1 Ra2+ 37. Ke3 Rda8 38. b5 cxb5 39. Rb1 R8a5
40. h4 g6 41. Nd7 R5a3 42. Rxb5 Rxc3+ 43. Kf4 Ra4 44. Rxb7 Rxd4+ 45. Ke5 Rxd7
0-1

[Event "Open Mediterranean 2017"]
[Site "Rijeka CRO"]
[Date "2009.11.30"]
[Round "4.27"]
[White "Draskovic, Luka"]
[Black "Urukalovic, Roman"]
[Result "1/2-1/2"]
[WhiteElo "2113"]
[BlackElo "2237"]
[PlyCount "39"]
[EventDate "2009.11.28"]
[EventType "swiss"]
[EventRounds "9"]
[EventCountry "CRO"]
[Source "lmi"]
[SourceDate "2009.11.28"]

1. e4 c5 2. Nf3 Nf6 3. e5 Nd5 4. Nc3 e6 5. Nxd5 exd5 6. c3 d6 7. exd6 Bxd6 8.
Bb5+ Bd7 9. Bxd7+ Qxd7 10. O-O O-O 11. d4 Nc6 12. Be3 c4 13. Qd2 Qf5 14. Rfe1
Rfe8 15. Re2 h6 16. Rae1 Re6 17. Qc2 Qh5 18. Bc1 Rg6 19. Ne5 Bxe5 20. dxe5
1/2-1/2